Political parties and terrorist group [

Bibliographic Details
Main Authors: Weinberg, Leonard , 1939- (Author), Pedahzur, Ami (Author), Perliger, Arie (Author)
Format: Book
Language:English
Published: London;New York : Routledge , c2009
Edition:2nd ed
Series:Routledge studies in extremism and democracy Routledge research in extremism and democracy 10
Subjects:
Online Access:NetLibrary

MARC

LEADER 00000cam a2200000 7i4500
001 0000071813
005 20190829093000.0
008 110327s2009 enk eng
020 |a 0203888375 (electronic bk.) 
020 |a 9780203888377 (electronic bk.) 
020 |a 9780415775366 
050 0 0 |a HV6431   |b .W439 2009 
090 0 0 |a HV6431   |b .W439 2009 
100 1 |a Weinberg, Leonard ,   |d 1939- ,   |e author 
245 1 0 |a Political parties and terrorist group [  |h electronic resource]   |c by Leonard Weinberg, Ami Pedahzur and Arie Perliger 
250 |a 2nd ed 
260 |a London;New York :   |b Routledge ,   |c c2009 
300 |a 1 online resource (viii, 184 p.) :   |b ill 
490 1 |a Routledge studies in extremism and democracy Routledge research in extremism and democracy   |v 10 
500 |a Description based on print version record 
504 |a Includes bibliographical references (p [147]-178) and index 
650 0 |a Political parties 
650 0 |a Terrorism   |x Political aspects 
650 0 |a Terrorists   |x Political activity   |x Case studies 
700 1 |a Pedahzur, Ami ,   |e author 
700 1 |a Perliger, Arie ,   |e author 
856 4 0 |3 NetLibrary   |u http://www.netlibrary.com/urlapi.asp?action=summary&v=1&bookid=253709 
999 |a 1000138326   |b Electronic Resource   |c OPEN SHELF (30 DAYS)   |e Gong Badak Campus